[Event "Saint Louis Invitational A 2017"]
[Site "Saint Louis"]
[Date "2017.11.22"]
[Round "9"]
[White "Sadorra, Julio-Catalino"]
[Black "Shetty, Atulya"]
[Result "1/2-1/2"]
[WhiteElo "2558"]
[BlackElo "2403"]
[Annotator "TA"]
[PlyCount "77"]
[EventDate "2017.??.??"]
[EventType "tourn"]
[EventCountry "USA"]
[SourceTitle "playchess.com"]
[Source "ChessBase"]
[SourceQuality "1"]

{[%evp 23,77,19,25,0,40,13,18,0,0,0,0,2,23,26,15,13,14,16,22,-11,-12,-10,0,-56,-32,-82,0,0,0,0,0,0,0,0,0,0,0,0,0,0,0,0,0,0,0,0,0,0,0,0,0,0,0,0,0,0]} 1. d4 d5 2. c4 c6 3. cxd5 cxd5 4. Bf4 Nf6 5. Nc3 Nc6 6. e3 a6 7. Bd3 Bg4 8. Nge2 e6 {[%cal Be7e6,Be6e5][%mdl 32]} 9. O-O Bd6 10. f3 {D10: Slav Defence: 3 cxd5 (without early Nf3) and 3 Nc3} Bh5 11. Rc1 O-O 12. Na4 e5 {LiveBook: 3 Games} 13. Bg5 {[#]} Bg6 $146 ({Predecessor:} 13... exd4 14. exd4 Bg6 15. Bxg6 hxg6 16. Nac3 Ne7 17. Qd2 Rc8 {½-½ (45) Blagojevic,D (2522)-Rodshtein,M (2609) Dresden 2008}) 14. Nc5 {Threatens to win with Bxg6.} Qe7 15. Nc3 {Nxd5! is the strong threat.} Bxc5 16. Bxg6 hxg6 17. Bxf6 $1 Qxf6 18. Nxd5 Qe6 $1 {[%cal Rc5d4] Strongly threatening ...Bxd4.} 19. dxc5 {aiming for Nc7.} Rad8 20. e4 Nb4 $1 {[%cal Rb4d5]} 21. Nxb4 Rxd1 22. Rfxd1 Qe8 23. Nd5 (23. Rc4 $11) 23... Qa4 $15 {[%mdl 1024] Black has compensation.} 24. Rd3 {[#]} g5 ({Don't blunder} 24... Qxa2 $2 25. Ne7+ Kh7 {[#]} 26. f4 $1 $18 {[%mdl 512]}) ({Better is} 24... f5 $1 $17 25. exf5 gxf5) 25. a3 {The position is equal.} g6 26. b4 a5 27. h3 axb4 28. axb4 Ra8 29. Rdc3 Rd8 30. c6 bxc6 $1 31. Rxc6 Qb3 32. Kh2 Kg7 33. Ra1 g4 34. hxg4 Qb2 35. Rac1 Qf2 {[%cal Rd8h8]} 36. Rc8 Rxc8 37. Rxc8 Qh4+ 38. Kg1 Qe1+ 39. Kh2 {Precision: White = 45%, Black = 79%.} 1/2-1/2

[Event "Saint Louis Invitational A 2017"]
[Site "Saint Louis"]
[Date "2017.11.22"]
[Round "9"]
[White "Hambleton, Aman"]
[Black "Burke, John M"]
[Result "0-1"]
[WhiteElo "2484"]
[BlackElo "2502"]
[Annotator "TA"]
[PlyCount "118"]
[EventDate "2017.??.??"]
[EventType "tourn"]
[EventCountry "USA"]
[SourceTitle "playchess.com"]
[Source "ChessBase"]
[SourceQuality "1"]

{[%evp 26,118,-18,-21,-10,-16,-17,-16,-4,-18,-16,-6,0,0,0,0,0,0,0,-5,-5,-13,-7,-7,-7,-9,-4,-9,-9,-27,-28,-64,-55,-99,-99,-99,-99,-99,-99,-99,-99,-99,-99,-99,-99,-99,-99,-99,-99,-99,-99,-99,-99,-99,-71,-99,-99,-108,-108,-108,-108,-108,-51,-1168,-1115,-1072,-536,-282,-251,-231,0,-5097,-2215,-1447,-69,-69,0,0,0,-69,-69,-69,-69,-69,-69,-69,-69,-266,-238,-5065,-5065,-5065,-4133,-1668,-1408]} 1. d4 d5 2. c4 e6 3. Nc3 c6 4. e3 Nf6 5. Nf3 Nbd7 6. Qc2 Bd6 7. e4 Nxe4 8. Nxe4 dxe4 9. Qxe4 e5 10. dxe5 O-O {D45: Semi-Slav: 5 e3} 11. Bd3 (11. exd6 Re8 12. Qxe8+ Qxe8+ 13. Be3 Nf6 14. Bd3 Be6 15. O-O-O b5 16. c5 Bxa2 17. Bg5 Nd7 18. Rhe1 Be6 19. Be3 h6 {1-0 (32) Mamedyarov,S (2729)-Brkic,A (2587) Istanbul 2012}) 11... f5 12. Qe2 Nxe5 13. Nxe5 Bxe5 14. O-O {LiveBook: 4 Games} Re8 15. Qf3 $146 ({Predecessor:} 15. Qc2 Qf6 16. Rb1 Be6 17. h3 Rad8 18. Be3 {0-1 (32) Bombek,P (2248)-Matsenko,S (2367) Pardubice 2006}) 15... Qf6 16. Rb1 Be6 17. b3 Rad8 18. Ba3 Rd7 (18... g5 {is interesting.} 19. Rbe1 g4 20. Qe2 Bc3 21. Rd1 Kg7) 19. Rbd1 Red8 20. Bc1 Bb2 21. Bxb2 Qxb2 $40 {[%mdl 128] Black is up to no good.} 22. Qe3 Bf7 23. Qe2 Qxe2 24. Bxe2 Rd2 25. f4 Kf8 26. Bf3 Ke7 27. Rfe1+ Be6 28. Rxd2 Rxd2 29. Re2 Rxe2 30. Bxe2 $17 {[%mdl 4096] Endgame KB-KB} Kd6 $1 31. b4 {[#]} a5 $1 {[%mdl 512]} 32. a3 (32. bxa5 Kc5) 32... axb4 33. axb4 c5 34. b5 Kc7 $1 35. Kf2 Kb6 $1 36. Ke3 Ka5 $1 {And now ...b6 would win.} 37. b6 Kxb6 38. Kd2 Ka5 39. Kc3 Ka4 40. Bd3 g6 41. h3 Bd7 42. Be2 h5 43. g3 Ka3 (43... Bc6 $17 44. Bd3 Ka5) 44. h4 $2 {[%mdl 8192]} (44. Bf3 $15) 44... Ka2 45. Bd3 Ba4 46. Be2 Kb1 47. Bf3 {[#]} Bc6 $2 (47... b6 $1 $19 48. Bd5 Be8) 48. Bd1 $2 {[%mdl 8192]} (48. Bd5 $11) 48... Kc1 $19 49. Bc2 Be4 $2 (49... b5 $19 50. cxb5 Bxb5) 50. Bb3 b6 (50... Bf3 $15 51. Ba4 Bc6) 51. Ba4 $11 Bf3 {Hoping for ...Be2.} 52. Be8 (52. Kd3 $1 $11) 52... Kd1 $15 {White must now prevent ...Ke1.} 53. Bxg6 Bg4 54. Kd3 $1 Ke1 $1 {[%cal Re1f2]} 55. Ke3 Kf1 $1 {[%cal Rf1g2] aiming for ...Kg2.} 56. Bf7 $2 (56. Be8 $1 $15) 56... Kg2 $19 57. Bd5+ $2 (57. Be8) 57... Kxg3 {Black is clearly winning.} 58. Be6 {[#]} Bh3 $1 59. Bd7 Kg4 {Precision: White = 51%, Black = 74%.} 0-1

[Event "Saint Louis Invitational A 2017"]
[Site "Saint Louis"]
[Date "2017.11.22"]
[Round "9"]
[White "Gurevich, Daniel"]
[Black "Ashwin, Jayaram"]
[Result "1/2-1/2"]
[WhiteElo "2471"]
[BlackElo "2474"]
[Annotator "TA"]
[PlyCount "106"]
[EventDate "2017.??.??"]
[EventType "tourn"]
[EventCountry "USA"]
[SourceTitle "playchess.com"]
[Source "ChessBase"]
[SourceQuality "1"]

{[%evp 13,106,35,22,0,0,0,7,13,8,7,16,14,21,12,15,16,26,17,48,33,27,31,36,18,14,6,22,0,0,2,16,16,22,11,10,-16,0,-20,-3,-22,-39,-32,26,-25,0,-78,-71,-78,-42,-100,-98,-89,-70,-158,-20,-20,0,0,0,0,0,0,0,0,0,0,0,0,0,0,0,0,0,0,0,0,0,0,0,0,0,0,0,0,0,0,0,0,0,0,0,0,0,0,0]} 1. Nf3 Nf6 2. g3 d5 3. Bg2 c6 4. O-O Bg4 5. h3 Bh5 6. c4 {A07: Réti Opening: New York and Capablanca Systems} e6 7. d4 Be7 {LiveBook: 9 Games} 8. cxd5 cxd5 $146 ({Predecessor:} 8... Bxf3 9. Bxf3 cxd5 10. Qb3 Nc6 11. e3 O-O 12. Bd2 Qd7 {1-0 (45) Vachier Lagrave,M (2804)-Dreev,A (2652) Doha 2016}) 9. Qb3 Qb6 10. Qxb6 axb6 11. Nc3 Nc6 12. Be3 Nd7 13. Nb5 {[#] Strongly threatening Nc7+.} O-O 14. Rfc1 Rfc8 15. a3 Na5 16. Rxc8+ Rxc8 17. Rc1 Rc6 18. Rc3 Kf8 19. g4 Bg6 20. Nd2 Bc2 21. b4 Rxc3 22. Nxc3 Nc6 23. f4 Nf6 24. Kf2 Ne8 25. Nf3 Nd6 26. Bc1 (26. f5 $5) 26... Ne4+ 27. Nxe4 dxe4 (27... Bxe4 $15 28. Bb2 h6) 28. Ne5 (28. Ng5 $142) 28... Nxd4 29. Ke3 (29. Nd7+ $11 {keeps the balance.} Ke8 30. Nxb6) 29... Nb3 $17 30. Bb2 f5 31. g5 ({White should play} 31. Nd7+ $15 Ke8 32. Nxb6) 31... b5 32. Bc3 Bd6 33. Bf1 (33. h4 $15) 33... Bxe5 (33... Bc7 $17 {( -> ...Bb6+)} 34. Kf2 Bxe5 35. fxe5 Ke7) 34. Bxe5 {[%mdl 4096] Endgame KBB-KBN. The position is equal.} g6 35. Bb2 Ke7 36. h4 Kd6 37. Bh3 Kd5 38. Bg2 Bb1 39. Bh3 Kc4 40. Bf1 Bc2 41. Bg2 b6 42. Bf1 Bb1 43. Bg2 Ba2 44. Bf1 Kd5 45. Bg2 Kc6 46. Bh3 Kd6 47. Bg2 Kd5 48. Bh3 Bb1 49. Bg2 Kc4 50. Bf1 Ba2 51. Bg2 Bb1 52. Bf1 Bc2 53. Bg2 Bb1 {Precision: White = 50%, Black = 55%.} 1/2-1/2

[Event "Saint Louis Invitational A 2017"]
[Site "Saint Louis"]
[Date "2017.11.22"]
[Round "9"]
[White "Sturt, Raven"]
[Black "Zierk, Steven"]
[Result "0-1"]
[WhiteElo "2449"]
[BlackElo "2493"]
[Annotator "TA"]
[PlyCount "146"]
[EventDate "2017.??.??"]
[EventType "tourn"]
[EventCountry "USA"]
[SourceTitle "playchess.com"]
[Source "ChessBase"]
[SourceQuality "1"]

{[%evp 27,146,4,8,-11,0,-27,-20,-30,-19,-39,8,0,0,0,0,0,0,0,0,-20,-7,-26,0,0,10,10,6,21,19,-24,-24,-37,-25,-25,0,0,0,-19,0,0,0,0,0,-191,-195,-322,-295,-348,-361,-343,-327,-326,-338,-385,-169,-672,0,-377,-313,-300,-295,-671,-625,-538,0,-658,-647,-631,-382,-318,0,-616,-505,-471,-365,-1202,-1202,-1001,-984,-1001,-1001,-758,-343,-343,-343,-343,-336,-336,-259,-336,-331,-290,-277,-499,-503,-488,-479,-479,-437,-429,-429,-415,-399,-497,-495,-468,-424,-486,-472,-697,-670,-675,-671,-606,-602,-29982,-29983,-29998,-29998,-29998,-29999]} 1. d4 d5 2. c4 c6 3. Nf3 Nf6 4. Nc3 dxc4 5. a4 Bf5 6. e3 e6 7. Bxc4 Bb4 8. O-O O-O 9. Qe2 Nbd7 10. e4 Bg6 11. Bd3 Bh5 12. Bf4 Re8 13. e5 Nd5 14. Nxd5 cxd5 15. Rfc1 {[#] D19: Slav Defence: 5 a4 Bf5 6 e3: Main line with 9 Qe2} Nb8 $146 ({Predecessor:} 15... a6 16. Rc2 Nb8 17. Qe3 Bxf3 18. Qxf3 Nc6 19. Be3 Be7 20. Rc3 g6 21. Qd1 Nxe5 22. dxe5 d4 23. Bxg6 dxc3 24. Bxh7+ Kxh7 25. Qh5+ Kg8 26. Qg4+ {½-½ (26) Bacrot,E (2714)-Mastrovasilis,D (2621) Warsaw 2011}) 16. h3 Nc6 {Threatens to win with ...Nxd4!} 17. g4 {The position is equal.} Bg6 18. h4 Qb6 19. Qe3 Rac8 20. h5 Bxd3 21. Qxd3 Be7 22. h6 g6 23. Be3 a6 24. Kg2 Rc7 25. Bd2 Rec8 26. a5 Qa7 27. Qe3 Qb8 28. Qb3 Na7 29. Rxc7 Rxc7 30. Bb4 Qf8 31. Bxe7 Qxe7 32. Qe3 Qf8 33. Rc1 Rxc1 34. Qxc1 Nc6 35. Qc3 $2 (35. g5 $11) 35... Qxh6 $19 36. g5 (36. Kg3 $142) 36... Qh5 37. Kg3 h6 38. gxh6 Ne7 (38... Qxh6 39. Qc5 $17) 39. Kg2 Nf5 (39... Qxh6 40. Qc7 $17) 40. Nh2 {If only White now had time for Qc8+....} Nh4+ (40... Qg5+ $142 41. Kf1 Qxh6) 41. Kg3 $2 (41. Kh3) 41... Nf5+ 42. Kg2 Qxh6 43. Qc8+ Kg7 44. Qxb7 $2 (44. Qd8) 44... Nh4+ 45. Kh3 Nf5+ 46. Kg2 Qg5+ 47. Kf1 Qc1+ 48. Kg2 Qg5+ $2 ({But not} 48... Nxd4 49. Qxa6 Qg5+ 50. Kh1 $19) (48... Nh4+ 49. Kh3 Qg1) 49. Kf1 Qf4 {[#] Strongly threatening ...Ng3+.} 50. Kg1 Nh4 51. Qxa6 $2 (51. Qb3) 51... Qg5+ 52. Kf1 Qc1+ 53. Ke2 Qc2+ 54. Ke1 Qxb2 (54... Ng2+ $142 55. Kf1 Nf4) 55. Qd3 Ng2+ 56. Kf1 Nf4 {[#] ( -> ...Qc1+)} 57. Qd1 {If White can now play Nf3 this consolidates a bit.} Qa3 58. Nf3 Qxa5 59. Kg1 Qa2 60. Qe1 $2 (60. Ne1 {was worth a try.}) 60... Qc2 {And now ...Qf5 would win.} 61. Qe3 Qf5 62. Ne1 Qg4+ 63. Kf1 g5 64. Qf3 Qf5 65. Kg1 Qb1 66. Qe3 Qd1 67. Kh2 Kg6 68. Nf3 (68. f3 $142) 68... Qf1 {[%csl Gf4][%cal Rf1g2]} 69. Nh4+ Kh5 ({Weaker is} 69... gxh4 70. Qxf4 Qe2 71. Qf6+ Kh5 72. Qxf7+ Kg5 73. Qf6+ Kh5 74. Qxe6 $11) 70. Qg3 {intending Nf3.} Ne2 ({Worse is} 70... gxh4 71. Qxf4 Qd3 72. Qxf7+ Qg6 73. Qf3+ Qg4 74. Qf7+ Qg6 75. Qf3+ Qg4 76. Qf7+ Qg6 $11) 71. Qf3+ Kxh4 {[%csl Ge2][%cal Rf1g1] Black mates.} 72. Qg4+ Kxg4 {[%csl Gg4][%cal Rf1h3]} 73. f3+ Kh4 {Precision: White = 37%, Black = 68%.} 0-1

[Event "Saint Louis Invitational A 2017"]
[Site "Saint Louis"]
[Date "2017.11.22"]
[Round "9"]
[White "Bartholomew, John"]
[Black "Chirila, Ioan-Cristian"]
[Result "1/2-1/2"]
[WhiteElo "2442"]
[BlackElo "2557"]
[Annotator "TA"]
[PlyCount "86"]
[EventDate "2017.??.??"]
[EventType "tourn"]
[EventCountry "USA"]
[SourceTitle "playchess.com"]
[Source "ChessBase"]
[SourceQuality "1"]

{[%evp 16,86,15,15,16,12,8,10,20,13,16,-24,-11,-8,-10,-15,-8,-18,-16,-14,-16,0,0,-25,-12,-17,-12,-10,-8,-8,0,0,19,-37,-37,-33,-35,-39,-20,-26,0,0,0,-2,0,-45,-45,-45,-45,-45,-17,-20,-22,-50,-20,-27,0,0,0,0,0,0,0,0,0,0,-1,-3,0,-8,-8,-8,-8]} 1. d4 Nf6 2. Nf3 g6 3. Bg5 Bg7 4. Nbd2 O-O 5. e3 d6 6. Bd3 c5 7. c3 Nc6 8. O-O cxd4 {A48: 1 d4 Nf6 2 Nf3 g6: Torre, London and Colle Systems} 9. cxd4 {LiveBook: 6 Games} h6 10. Bh4 e5 11. dxe5 (11. Bxf6 Bxf6 12. dxe5 dxe5 13. Be4 Be6 14. Bxc6 bxc6 {½-½ (62) Indjic,A (2591)-Melkumyan,H (2642) Heraklio 2017}) 11... dxe5 12. Bb5 Ne7 $146 ({Predecessor:} 12... Qe7 13. Bxc6 bxc6 14. Bxf6 Bxf6 {0-1 (41) Rajnak,D (2239)-Demeter,P (2348) Slovakia 2002}) 13. e4 ({Wrong is} 13. Nxe5 $2 Qd5 $19) 13... a6 14. Ba4 b5 15. Bb3 Nh5 16. a4 Bb7 17. axb5 axb5 18. Rxa8 Bxa8 19. Bg3 (19. Bxe7 $5 Qxe7 20. Qe2 $11) 19... Nf4 20. Bxf4 exf4 21. Qe2 Qb6 22. e5 Nf5 23. Re1 Kh7 24. h3 (24. h4 $11) 24... Nd4 $15 25. Nxd4 Qxd4 26. Nf3 Qb4 (26... Bxf3 $5 27. gxf3 b4 $15) 27. Ba2 Re8 28. Rd1 Bxf3 29. Qxf3 Re7 30. Qa3 (30. e6 $5 {[%cal Re6f7]}) 30... Qxa3 31. bxa3 Bxe5 {[%mdl 4096] Endgame KRB-KRB} 32. Rd5 Bc7 {And now ...Re1+ would win.} 33. Kf1 Ba5 {[%csl Ga5][%cal Re7e1] [#]} 34. f3 Re1+ 35. Kf2 Re3 36. Rxb5 {The position is equal.} Be1+ 37. Kf1 Bg3 {[%csl Gg3][%cal Re3e1] [#]} (37... Bh4 $5 38. Rb1 $8 Rxa3 39. Bxf7 g5 $11) 38. Rb1 Rxa3 39. Bxf7 Rc3 40. Rb6 Kg7 41. Bd5 Re3 {[%csl Gg3][%cal Re3e1]} 42. Re6 Rxe6 43. Bxe6 Kf6 {Precision: White = 65%, Black = 68%.} 1/2-1/2